[Event "34e Championnat de Martinique - Tournoi "]
[Site "Le Lamentin"]
[Date "2018.05.10"]
[Round "5.2"]
[White "Evers, Shaman"]
[Black "Francois-Haugrin, Said"]
[Result "1-0"]
[WhiteElo "1612"]
[BlackElo "1789"]
[PlyCount "87"]
[EventDate "2018.??.??"]

1. e4 c5 2. Nf3 Nc6 3. d4 cxd4 4. Nxd4 e5 5. Nb5 d6 6. c4 Be7 7. N1c3 a6 8. Na3
f5 9. exf5 Bxf5 10. Bd3 Be6 11. O-O Nf6 12. Bg5 O-O 13. Nc2 h6 14. Bxf6 Bxf6
15. Ne3 Nd4 16. Ned5 Rc8 17. b3 Bg5 18. Be4 b5 19. cxb5 axb5 20. Ne2 Nf5 21.
Qd3 Rc5 22. f4 Bf6 23. b4 Rxd5 24. Bxd5 Qb6+ 25. Kh1 Bxd5 26. Qxd5+ Kh8 27. Nc3
Rb8 28. Qe4 Ne3 29. Nd5 Nxd5 30. Qxd5 exf4 31. Rad1 Be5 32. Rf3 Rc8 33. Qe4 Rc4
34. Qg6 Rxb4 35. Rh3 Qc7 36. Rh5 Rd4 37. Rf1 Qe7 38. Rf5 Bf6 39. Rxb5 Qc7 40.
Rfb1 Bd8 41. Rb8 Rd1+ 42. Rxd1 Qxb8 43. Re1 Be7 44. Rxe7 1-0

[Event "34e Championnat de Martinique - Tournoi "]
[Site "Le Lamentin"]
[Date "2018.05.10"]
[Round "5.3"]
[White "Grange, Julien"]
[Black "Cesaire-Hierso, Florian"]
[Result "1-0"]
[WhiteElo "1854"]
[BlackElo "1837"]
[PlyCount "49"]
[EventDate "2018.??.??"]

1. e4 e5 2. Nf3 Nc6 3. Bb5 a6 4. Ba4 b5 5. Bb3 Nf6 6. O-O Bc5 7. Nxe5 Nxe5 8.
d4 Bb6 9. dxe5 Ng8 10. Qd5 Qe7 11. Qxa8 Kd8 12. Qd5 Nh6 13. Bf4 Ng4 14. Qd2 h6
15. Nc3 c6 16. e6 fxe6 17. Bd6 Qf6 18. e5 Qg6 19. Qf4 c5 20. Qe4 Qg5 21. Bxe6
h5 22. Rad1 c4 23. Bxd7 Qh4 24. Bxg4 hxg4 25. e6 1-0

[Event "34e Championnat de Martinique - Tournoi "]
[Site "Le Lamentin"]
[Date "2018.05.10"]
[Round "5.4"]
[White "Marbot, Raymond"]
[Black "Lebon, Nicolas"]
[Result "1/2-1/2"]
[WhiteElo "1673"]
[BlackElo "1713"]
[PlyCount "77"]
[EventDate "2018.??.??"]

1. e4 d5 2. exd5 Qxd5 3. Nc3 Qa5 4. d4 Nf6 5. Nf3 Bg4 6. Be2 e6 7. Bd2 c6 8.
O-O Nbd7 9. Ne4 Qc7 10. Ng3 Bd6 11. Re1 O-O 12. c3 Rfe8 13. Qc2 Rad8 14. Ng5
Bxe2 15. Rxe2 h6 16. N5e4 Nxe4 17. Qxe4 Nf6 18. Qf3 Bxg3 19. hxg3 e5 20. dxe5
Nh7 21. Be3 Qxe5 22. Rae1 Qf6 23. Bd4 Rxe2 24. Qxe2 Qg5 25. Bxa7 Nf6 26. Be3
Qd5 27. c4 Qa5 28. b3 Ra8 29. a4 Qb4 30. Qd1 Qa5 31. Bd2 Qf5 32. Qf3 Qg6 33.
Bc3 Ng4 34. Qe4 Qh5 35. f4 Rd8 36. Kf1 Nh2+ 37. Kf2 Ng4+ 38. Kf1 Nh2+ 39. Kf2
1/2-1/2

[Event "34e Championnat de Martinique - Tournoi "]
[Site "Le Lamentin"]
[Date "2018.05.10"]
[Round "5.5"]
[White "Guillaume, Marvin"]
[Black "Bagghi, Youri"]
[Result "1-0"]
[WhiteElo "1849"]
[BlackElo "1763"]
[PlyCount "109"]
[EventDate "2018.??.??"]

1. d4 Nf6 2. Nf3 c5 3. c3 cxd4 4. cxd4 g6 5. Nc3 Bg7 6. e4 d6 7. Bc4 O-O 8. Qe2
Bg4 9. Be3 a6 10. h3 Bxf3 11. Qxf3 Qc7 12. Bb3 Nc6 13. Rc1 Qa5 14. O-O Rac8 15.
Rfd1 Qh5 16. Qxh5 Nxh5 17. Nd5 Rfe8 18. Nb6 Rcd8 19. Ba4 Rf8 20. Bxc6 bxc6 21.
Rxc6 Nf6 22. f3 Rb8 23. b3 Rfd8 24. g4 h5 25. g5 Nh7 26. Nd5 e6 27. Nc7 Rdc8
28. Rdc1 Rd8 29. Nxa6 Ra8 30. a4 Kf8 31. b4 Ke7 32. Rc7+ Ke8 33. b5 Nf8 34. Kf2
Nd7 35. Ke2 Nb8 36. Nxb8 Rdxb8 37. R1c4 d5 38. exd5 exd5 39. R4c5 Rxa4 40. Rxd5
Ra2+ 41. Kd3 Ra3+ 42. Rc3 Ra1 43. Rdc5 Ke7 44. Rc7+ Ke8 45. Rc8+ Rxc8 46. Rxc8+
Kd7 47. Rg8 Ra3+ 48. Ke4 f5+ 49. Kf4 Be5+ 50. dxe5 Ra4+ 51. Kg3 h4+ 52. Kg2
Ra2+ 53. Bf2 Rb2 54. b6 Ke6 55. f4 1-0

[Event "34e Championnat de Martinique - Tournoi "]
[Site "Le Lamentin"]
[Date "2018.05.05"]
[Round "5.6"]
[White "Milton, Cedric"]
[Black "Alcindor, Samuel"]
[Result "1-0"]
[WhiteElo "1660"]
[BlackElo "1664"]
[PlyCount "141"]
[EventDate "2018.??.??"]

1. e4 c5 2. d4 Nc6 3. Nf3 cxd4 4. Nxd4 Nf6 5. Nc3 a6 6. a4 g6 7. Be3 Bg7 8. Be2
O-O 9. O-O d6 10. h3 Bd7 11. Qd2 Rb8 12. Rfb1 Qa5 13. Bd3 Nxd4 14. Bxd4 Qh5 15.
Be2 Qh4 16. Qe3 Bc6 17. Bf3 Bh6 18. Qd3 Nh5 19. Bxh5 Qxh5 20. Bb6 Bf4 21. Nd5
Bxd5 22. exd5 Be5 23. Ra2 Rbc8 24. c4 Qh4 25. b3 Qf4 26. g3 Qh6 27. Kg2 f5 28.
f4 Bf6 29. Re1 Qg7 30. Re6 g5 31. Be3 gxf4 32. Bxf4 Bg5 33. Rf2 Bxf4 34. Rxf4
Qb2+ 35. Rf2 Qc1 36. Rxe7 Qg5 37. Qe2 f4 38. Qe6+ Kh8 39. Rxf4 Rcd8 40. Qe4 Qh6
41. Qe6 Qg5 42. Ref7 Rg8 43. Qf6+ Rg7 44. Rf8+ Rxf8 45. Qxg5 Rxg5 46. Rxf8+ Kg7
47. Rb8 Re5 48. Rxb7+ Kg8 49. Rb6 Re3 50. Rxd6 Rxb3 51. Rxa6 Rb4 52. d6 Kf7 53.
c5 Rd4 54. Kf3 Rd5 55. Ra5 Ke6 56. Rb5 Rd3+ 57. Kf4 Rd4+ 58. Ke3 Rxa4 59. Rb3
Rc4 60. Rb5 Rc3+ 61. Kf4 Rc4+ 62. Kg5 Rc3 63. Kh4 Kd7 64. Rb7+ Kc6 65. Rc7+ Kb5
66. d7 Rd3 67. c6 Rd4+ 68. g4 Kb6 69. Rc8 Rd6 70. d8=Q+ Rxd8 71. Rxd8 1-0

[Event "34e Championnat de Martinique - Tournoi "]
[Site "Le Lamentin"]
[Date "2018.05.10"]
[Round "6.1"]
[White "Francois-Haugrin, Said"]
[Black "Alcindor, Samuel"]
[Result "0-1"]
[WhiteElo "1789"]
[BlackElo "1664"]
[PlyCount "144"]
[EventDate "2018.??.??"]

1. e4 c5 2. Nf3 Nc6 3. Bb5 d6 4. O-O Nf6 5. Re1 g6 6. d4 cxd4 7. Qxd4 Bd7 8.
Bxc6 Bxc6 9. e5 dxe5 10. Qxe5 Bg7 11. Bg5 O-O 12. Qe2 Qa5 13. Nc3 Bxf3 14. Qxf3
Qxg5 15. Rxe7 Rfe8 16. Rxb7 Qd2 17. Rf1 Re1 18. g3 Rxf1+ 19. Kxf1 Qxc2 20. Kg2
Rd8 21. g4 Qd2 22. Rxa7 Qd4 23. Ra4 Qb6 24. b3 Rd4 25. Ra8+ Bf8 26. h3 Nd7 27.
Re8 Qf6 28. Qa8 Rd3 29. Na4 Qh4 30. Re3 Rxe3 31. fxe3 Qe1 32. Qf3 Ne5 33. Qf2
Qxf2+ 34. Kxf2 Nd3+ 35. Kf3 Nc1 36. Nc3 Bg7 37. Nd5 Nxa2 38. h4 Nc3 39. Nb6 Kf8
40. Nc4 Ke7 41. e4 Ke6 42. Ke3 h5 43. g5 f6 44. Kf4 Nb5 45. Nd2 Nd6 46. Nf3 f5
47. exf5+ Nxf5 48. Ke4 Kd6 49. Kd3 Kc5 50. Ke4 Kd6 51. Kd3 Kd5 52. b4 Nd6 53.
Nd2 Ke5 54. Ke3 Nf5+ 55. Kf3 Nxh4+ 56. Kg3 Nf5+ 57. Kf3 Bf8 58. b5 Nd4+ 59. Kg3
Nxb5 60. Nc4+ Kf5 61. Kh4 Bc5 62. Nd2 Nd4 63. Kh3 Be7 64. Nf1 Kxg5 65. Ne3 Bd6
66. Nc4 Bf4 67. Nb6 Kf5 68. Nd5 g5 69. Ne7+ Ke4 70. Ng6 Ne2 71. Ne7 Kf3 72. Nf5
Ng1# 0-1

[Event "34e Championnat de Martinique - Tournoi "]
[Site "Le Lamentin"]
[Date "2018.05.10"]
[Round "6.2"]
[White "Lebon, Nicolas"]
[Black "Grange, Julien"]
[Result "1/2-1/2"]
[WhiteElo "1713"]
[BlackElo "1854"]
[PlyCount "146"]
[EventDate "2018.??.??"]

1. b3 d5 2. Bb2 Bg4 3. g3 Nc6 4. Bg2 e5 5. d3 Qd7 6. Nd2 Nge7 7. c4 d4 8. a3
Ng6 9. b4 h5 10. h3 Bf5 11. Nb3 h4 12. b5 Nd8 13. Na5 Rb8 14. Bc1 hxg3 15. fxg3
Bd6 16. g4 Be6 17. Qc2 e4 18. Bxe4 Bg3+ 19. Kd1 Ne5 20. Qd2 f6 21. Bg2 g5 22.
Nf3 Ng6 23. Qb2 Nh4 24. Nxh4 Rxh4 25. Bd2 Kf7 26. Rf1 Kg7 27. Nb3 Be5 28. Qc1
Nf7 29. Nc5 Qc8 30. Nxe6+ Qxe6 31. Bd5 Qb6 32. Bxf7 Kxf7 33. Bxg5 Rxh3 34. Bxf6
Bxf6 35. g5 Rg8 36. gxf6 Re3 37. a4 Rg2 38. c5 Qe6 39. Qc4 Qxc4 40. dxc4 Rexe2
41. a5 d3 42. a6 bxa6 43. b6 cxb6 44. cxb6 axb6 45. Rxa6 Rb2 46. Ra7+ Ke6 47.
Ra1 Rgd2+ 48. Ke1 Re2+ 49. Kd1 Rbd2+ 50. Kc1 Rc2+ 51. Kd1 Ra2 52. Rxa2 Rxa2 53.
Rf3 Kf7 54. Rxd3 Rf2 55. Rd7+ Ke6 56. Rb7 Rxf6 57. Rxb6+ Ke7 58. Rb7+ Kd8 59.
Kc2 Kc8 60. Rb5 Rf3 61. Rd5 Kc7 62. Rd3 Rxd3 63. Kxd3 Kd7 64. Ke4 Kc6 65. Kd4
Kd6 66. c5+ Kc6 67. Kc4 Kc7 68. Kd5 Kd7 69. c6+ Kc7 70. Kc5 Kc8 71. Kb6 Kb8 72.
c7+ Kc8 73. Kb5 Kxc7 1/2-1/2

[Event "34e Championnat de Martinique - Tournoi "]
[Site "Le Lamentin"]
[Date "2018.05.10"]
[Round "6.3"]
[White "Suez-Panama, Gilles"]
[Black "Guillaume, Marvin"]
[Result "1-0"]
[WhiteElo "1971"]
[BlackElo "1849"]
[PlyCount "85"]
[EventDate "2018.??.??"]

1. d4 Nf6 2. Nf3 e6 3. c4 d5 4. g3 dxc4 5. Bg2 c5 6. O-O Nc6 7. Qa4 Qa5 8. Qxa5
Nxa5 9. Ne5 Nd7 10. Bd2 Nxe5 11. dxe5 Nc6 12. Bxc6+ bxc6 13. Na3 Ba6 14. Bc3
Be7 15. Rfd1 O-O 16. Rd7 Rfe8 17. Rad1 Kf8 18. f4 Red8 19. Kf2 Ke8 20. Rxd8+
Bxd8 21. h4 Ke7 22. h5 f6 23. h6 Bc7 24. hxg7 fxe5 25. Rh1 Rg8 26. Rxh7 exf4
27. gxf4 Bxf4 28. Kf3 Bg5 29. Rh8 Kf7 30. Kg4 Be7 31. e4 Bd6 32. Kg5 Rxg7+ 33.
Bxg7 Kxg7 34. Ra8 Be7+ 35. Kf4 e5+ 36. Kxe5 Bf6+ 37. Kd6 Bxb2 38. Rxa7+ Kf6 39.
Rxa6 c3 40. Nc2 Bc1 41. e5+ Kf5 42. e6 Bf4+ 43. Kd7 1-0

[Event "34e Championnat de Martinique - Tournoi "]
[Site "Le Lamentin"]
[Date "2018.05.10"]
[Round "6.4"]
[White "Cesaire-Hierso, Florian"]
[Black "Verneuil, Pascal"]
[Result "0-1"]
[WhiteElo "1837"]
[BlackElo "2154"]
[PlyCount "82"]
[EventDate "2018.??.??"]

1. e4 c5 2. Nf3 Nc6 3. Bb5 e6 4. O-O Nge7 5. c3 a6 6. Ba4 b5 7. Bc2 Bb7 8. d4
cxd4 9. cxd4 Nb4 10. Nc3 Nxc2 11. Qxc2 b4 12. Ne2 Rc8 13. Qd3 Ng6 14. b3 Be7
15. Bb2 O-O 16. Rac1 f5 17. exf5 Rxf5 18. Ng3 Rf7 19. Ne5 Nxe5 20. dxe5 Bg5 21.
Rxc8 Qxc8 22. Ne4 Be7 23. Nd6 Bxd6 24. Qxd6 Rf4 25. Rc1 Bc6 26. Bd4 Qb7 27. f3
h6 28. Be3 Rf5 29. Qd2 Rxe5 30. Rc4 Rd5 31. Qe1 Bb5 32. Rg4 h5 33. Rg3 Qc7 34.
Bh6 Qc2 35. Rxg7+ Kh8 36. Rg8+ Kh7 37. Bd2 Rxd2 38. Rg7+ Kh8 39. Rg8+ Kxg8 40.
Qg3+ Kf7 41. Qf4+ Ke8 0-1

[Event "34e Championnat de Martinique - Tournoi "]
[Site "Le Lamentin"]
[Date "2018.05.10"]
[Round "6.5"]
[White "Evers, Shaman"]
[Black "Marbot, Raymond"]
[Result "0-1"]
[WhiteElo "1612"]
[BlackElo "1673"]
[PlyCount "66"]
[EventDate "2018.??.??"]

1. c4 Nf6 2. Nf3 e6 3. g3 b6 4. Bg2 Bb7 5. O-O Be7 6. Nc3 O-O 7. a3 d6 8. d4
Ne4 9. Qd3 Nxc3 10. bxc3 f5 11. d5 e5 12. e4 Bc8 13. Ne1 Na6 14. Qd1 Nc5 15.
exf5 Bxf5 16. Nc2 Bd3 17. Re1 Bxc4 18. Nb4 Bg5 19. Nc6 Qf6 20. Bxg5 Qxg5 21.
Bf1 Bxf1 22. Rxf1 Rf7 23. a4 a5 24. Qc2 Rf3 25. Kg2 Raf8 26. Na7 Nd3 27. Kg1
Nf4 28. Qe4 Nh3+ 29. Kg2 Rxf2+ 30. Rxf2 Nxf2 31. Qc4 Qf5 32. Rf1 Qf3+ 33. Kg1
Qh1# 0-1

[Event "34e Championnat de Martinique - Tournoi "]
[Site "Le Lamentin"]
[Date "2018.05.10"]
[Round "6"]
[White "Bagghi, Youri"]
[Black "Milton, Cedric"]
[Result "0-1"]
[WhiteElo "1763"]
[BlackElo "1660"]
[PlyCount "114"]
[EventDate "2018.??.??"]

1. d4 d5 2. Bf4 Nf6 3. Nf3 e6 4. e3 c5 5. c3 Nc6 6. Nbd2 Be7 7. Bd3 O-O 8. Ne5
Bd7 9. O-O c4 10. Bc2 b5 11. Nxd7 Qxd7 12. h3 a5 13. Kh1 b4 14. Rg1 Ra7 15. g4
bxc3 16. bxc3 Ba3 17. g5 Ne8 18. h4 Bb2 19. Bxh7+ Kxh7 20. Qc2+ g6 21. Qxb2 e5
22. Bh2 e4 23. Rg2 Ng7 24. Kg1 Rb7 25. Qc2 Nf5 26. Bf4 Kg7 27. Rh2 Rh8 28. h5
gxh5 29. Rb1 Nfe7 30. Rxb7 Qxb7 31. Rg2 Ng6 32. Bh2 Qb5 33. Kh1 Ra8 34. Rg1 Qb7
35. Rb1 Qe7 36. Rg1 Ra7 37. Qd1 h4 38. f4 exf3 39. Qxf3 Qe6 40. Rf1 Re7 41. Rb1
Qxe3 42. Be5+ Rxe5 43. dxe5 Qxd2 44. Qf6+ Kg8 45. Qxc6 h3 46. Qc8+ Kg7 47. Qxh3
Qxg5 48. Re1 Qd2 49. Rg1 Qe2 50. Qf5 Qe3 51. Rf1 Qxe5 52. Qxf7+ Kh6 53. Rf2
Qe1+ 54. Kg2 Qe4+ 55. Qf3 Nh4+ 56. Kg3 Nxf3 57. Rxf3 Kg5 0-1

[Event "34e Championnat de Martinique - Tournoi "]
[Site "Le Lamentin"]
[Date "2018.05.11"]
[Round "7.1"]
[White "Verneuil, Pascal"]
[Black "Lebon, Nicolas"]
[Result "1-0"]
[WhiteElo "2154"]
[BlackElo "1713"]
[PlyCount "43"]
[EventDate "2018.??.??"]

1. e4 d5 2. exd5 Qxd5 3. Nc3 Qd6 4. d4 Nf6 5. Nf3 Bg4 6. h3 Bh5 7. g4 Bg6 8.
Ne5 c6 9. Bf4 Qd8 10. Bc4 e6 11. Qe2 Bb4 12. O-O-O Bxc3 13. bxc3 Be4 14. g5
Bxh1 15. Nxf7 Qe7 16. Bd6 Kxf7 17. Bxe7 Nd5 18. Rxh1 Kxe7 19. Bxd5 cxd5 20. Re1
Nd7 21. Qxe6+ Kd8 22. Qxd5 1-0

[Event "34e Championnat de Martinique - Tournoi "]
[Site "Le Lamentin"]
[Date "2018.05.11"]
[Round "7.2"]
[White "Milton, Cedric"]
[Black "Suez-Panama, Gilles"]
[Result "0-1"]
[WhiteElo "1660"]
[BlackElo "1971"]
[PlyCount "90"]
[EventDate "2018.??.??"]

1. d4 Nf6 2. Nf3 g6 3. e3 Bg7 4. Bd3 d6 5. Nbd2 Nc6 6. c3 O-O 7. O-O e5 8. dxe5
dxe5 9. Qc2 Qe7 10. e4 Nh5 11. Nb3 Nd8 12. Be3 Ne6 13. g3 b6 14. Nfd2 c5 15.
Nc1 Nef4 16. Bc4 Bh3 17. Re1 Ng2 18. Re2 Nhf4 19. Bxf4 exf4 20. Nf3 Bh6 21. Kh1
g5 22. gxf4 Nxf4 23. Re3 Bg2+ 24. Kg1 Rad8 25. Ne1 Bh3 26. Ncd3 Bg4 27. f3 Nh3+
28. Kh1 Bc8 29. Ng2 a6 30. a4 g4 31. f4 Bb7 32. Qe2 Rxd3 33. Qxg4+ Kh8 34. Qxh3
Rxe3 35. Qxe3 Bxe4 36. Kg1 Rg8 37. Bf1 Qb7 38. Qh3 Bxf4 39. Kf2 Bg5 40. Rd1 Qe7
41. Ne3 Bh4+ 42. Ke2 Bg6 43. Rd7 Qf6 44. Bg2 Qf2+ 45. Kd1 Qe1# 0-1

[Event "34e Championnat de Martinique - Tournoi "]
[Site "Le Lamentin"]
[Date "2018.05.11"]
[Round "7.3"]
[White "Grange, Julien"]
[Black "Evers, Shaman"]
[Result "1-0"]
[WhiteElo "1854"]
[BlackElo "1612"]
[PlyCount "127"]
[EventDate "2018.??.??"]

1. d4 d5 2. c4 c6 3. Nc3 Nf6 4. Nf3 dxc4 5. e3 c5 6. Bxc4 cxd4 7. exd4 e6 8.
O-O Be7 9. Re1 O-O 10. Bf4 a6 11. Rc1 b5 12. Bb3 Bb7 13. d5 Nxd5 14. Bxd5 Bxd5
15. Nxd5 exd5 16. Bc7 Qd7 17. Ne5 Qf5 18. Bxb8 Raxb8 19. Nc6 Bg5 20. f4 Qxf4
21. Nxb8 Qxc1 22. Qxc1 Bxc1 23. Nd7 Bxb2 24. Nxf8 Kxf8 25. Kf1 b4 26. Rd1 d4
27. Ke2 Ke7 28. Kd3 Bc3 29. Rf1 Ke6 30. g4 g6 31. g5 a5 32. Rf6+ Ke7 33. Ra6
Kf8 34. Rxa5 Kg7 35. Ra7 Kf8 36. Rb7 Kg7 37. Kc4 Bd2 38. Rb5 h6 39. gxh6+ Kxh6
40. Rxb4 f5 41. Rb5 f4 42. Kd3 Bc3 43. Ke4 g5 44. a4 Kh5 45. a5 Kg4 46. h3+
Kxh3 47. Rxg5 f3 48. Kxf3 Kh4 49. a6 d3 50. a7 Kxg5 51. a8=Q d2 52. Qd5+ Kf6
53. Ke2 Ke7 54. Qe4+ Kd6 55. Qd3+ Ke6 56. Qxc3 d1=Q+ 57. Kxd1 Kd5 58. Ke2 Ke4
59. Qf6 Kd5 60. Kd3 Kc5 61. Qe6 Kb4 62. Qd5 Ka4 63. Kc3 Ka3 64. Qb3# 1-0

[Event "34e Championnat de Martinique - Tournoi "]
[Site "Le Lamentin"]
[Date "2018.05.11"]
[Round "7.4"]
[White "Marbot, Raymond"]
[Black "Francois-Haugrin, Said"]
[Result "1-0"]
[WhiteElo "1673"]
[BlackElo "1789"]
[PlyCount "84"]
[EventDate "2018.??.??"]

1. e4 c5 2. Nf3 Nc6 3. d4 cxd4 4. Nxd4 e5 5. Nb5 d6 6. c4 Be7 7. N1c3 a6 8. Na3
f5 9. exf5 Bxf5 10. Bd3 Be6 11. Nc2 Nf6 12. O-O O-O 13. b3 Rc8 14. Bb2 Bg4 15.
f3 Be6 16. Qe2 Nh5 17. Be4 Nf4 18. Qd1 Kh8 19. Nd5 Bxd5 20. Bxd5 Bg5 21. Bc1
Rf6 22. Kh1 Rh6 23. g3 Nxd5 24. Qxd5 Bxc1 25. Raxc1 Qg5 26. Kg1 Qh5 27. Rf2 Qh3
28. Rd1 Rf8 29. Rdd2 Rhf6 30. b4 Qf5 31. Kg2 Qd7 32. c5 Rd8 33. a3 Ne7 34. Qe4
Nc6 35. Rd5 Qc7 36. Rfd2 dxc5 37. Rxd8+ Nxd8 38. bxc5 Rc6 39. Qxe5 Ne6 40. Qd5
a5 41. Nd4 Nxd4 42. Qxd4 h6 1-0

[Event "34e Championnat de Martinique - Tournoi "]
[Site "Le Lamentin"]
[Date "2018.05.11"]
[Round "7.5"]
[White "Guillaume, Marvin"]
[Black "Cesaire-Hierso, Florian"]
[Result "0-1"]
[WhiteElo "1849"]
[BlackElo "1837"]
[PlyCount "68"]
[EventDate "2018.??.??"]

1. d4 Nf6 2. Nf3 d5 3. c4 e6 4. g3 c6 5. Bg2 dxc4 6. O-O Nbd7 7. Qc2 Nb6 8. Rd1
Nfd5 9. a3 Be7 10. e4 Nf6 11. Ne5 O-O 12. Nxc4 Nxc4 13. Qxc4 Qb6 14. Nc3 e5 15.
Be3 Ng4 16. Bc1 exd4 17. Na4 Qa5 18. Bd2 Qh5 19. h3 Ne5 20. Qxd4 Bxh3 21. Bc3
Bxg2 22. Kxg2 Qf3+ 23. Kh3 Bf6 24. Qe3 Qh5+ 25. Kg2 Ng4 26. Qf3 Qh2+ 27. Kf1
Bxc3 28. Qxg4 f5 29. exf5 Rae8 30. Qf3 Rxf5 31. Qg2 Rxf2+ 32. Qxf2 Qh1+ 33. Qg1
Rf8+ 34. Ke2 Qf3# 0-1

[Event "34e Championnat de Martinique - Tournoi "]
[Site "Le Lamentin"]
[Date "2018.05.11"]
[Round "7.6"]
[White "Alcindor, Samuel"]
[Black "Bagghi, Youri"]
[Result "0-1"]
[WhiteElo "1664"]
[BlackElo "1763"]
[PlyCount "62"]
[EventDate "2018.??.??"]

1. e4 e6 2. Nf3 d5 3. e5 c5 4. b4 cxb4 5. a3 b3 6. cxb3 Bc5 7. b4 Bb6 8. d4 Ne7
9. Nbd2 O-O 10. Bd3 Bd7 11. Nb3 Be8 12. Qc2 h6 13. Be3 Nd7 14. Nh4 f6 15. f4
fxe5 16. fxe5 Nxe5 17. Bh7+ Kh8 18. Bxh6 gxh6 19. Nc5 Bxc5 20. bxc5 Qa5+ 21.
Qd2 Qxd2+ 22. Kxd2 Nc4+ 23. Kc3 Kxh7 24. Rhe1 Bd7 25. Rab1 b6 26. Nf3 Rab8 27.
Rf1 bxc5 28. Rxb8 Rxb8 29. Nh4 cxd4+ 30. Kxd4 e5+ 31. Kc3 Rb3+ 0-1

[Event "34e Championnat de Martinique - Tournoi "]
[Site "Le Lamentin"]
[Date "2018.05.11"]
[Round "8.1"]
[White "Marbot, Raymond"]
[Black "Grange, Julien"]
[Result "1/2-1/2"]
[WhiteElo "1673"]
[BlackElo "1854"]
[PlyCount "60"]
[EventDate "2018.??.??"]

1. e4 d6 2. d4 Nf6 3. Nc3 g6 4. Be3 c6 5. h3 Bg7 6. Qd2 Nbd7 7. Be2 Qc7 8. Bf3
a6 9. Nge2 e5 10. d5 c5 11. O-O b5 12. b3 O-O 13. Ng3 Nb6 14. a4 b4 15. a5 bxc3
16. axb6 Qxb6 17. Qxc3 Bd7 18. Be2 h5 19. f3 Rfb8 20. Bc4 a5 21. Bd2 a4 22. Ra3
axb3 23. Rxb3 Qc7 24. Rfb1 Ba4 25. Rxb8+ Rxb8 26. Rb2 Nd7 27. Rxb8+ Qxb8 28.
Bb3 Bxb3 29. Qxb3 Qxb3 30. cxb3 Kf8 1/2-1/2

[Event "34e Championnat de Martinique - Tournoi "]
[Site "Le Lamentin"]
[Date "2018.05.11"]
[Round "8.2"]
[White "Evers, Shaman"]
[Black "Verneuil, Pascal"]
[Result "0-1"]
[WhiteElo "1612"]
[BlackElo "2154"]
[PlyCount "116"]
[EventDate "2018.??.??"]

1. e4 c5 2. Nf3 Nc6 3. d4 cxd4 4. Nxd4 e5 5. Nb5 d6 6. c4 Be7 7. N1c3 a6 8. Na3
f5 9. exf5 Bxf5 10. Bd3 Be6 11. O-O Nf6 12. Bg5 O-O 13. Bxf6 gxf6 14. Nc2 f5
15. b3 Kh8 16. Qd2 Bg5 17. f4 Bh6 18. Rae1 Qb6+ 19. Qf2 Qxf2+ 20. Rxf2 e4 21.
Bf1 Bg7 22. Nd1 b5 23. cxb5 axb5 24. Bxb5 Na7 25. Bf1 d5 26. Rd2 Rac8 27. Nd4
Bxd4+ 28. Rxd4 Nc6 29. Ra4 Ra8 30. Rxa8 Rxa8 31. Nc3 Nb4 32. a4 Rd8 33. Nb5 d4
34. Bc4 Bxc4 35. bxc4 Nc2 36. Rd1 d3 37. Nc3 Rc8 38. g4 Rxc4 39. Nd5 Rd4 40.
Ne7 Ne3 41. Nxf5 Nxf5 42. gxf5 e3 43. Ra1 d2 44. Kf1 d1=Q+ 45. Rxd1 Rxd1+ 46.
Ke2 Rd2+ 47. Kxe3 Rxh2 48. Kd4 Ra2 49. Ke5 Kg7 50. Ke6 Rxa4 51. f6+ Kf8 52. f5
h5 53. f7 h4 54. Kf6 h3 55. Kg6 h2 56. f6 Ra5 57. Kh7 h1=Q+ 58. Kg6 Qh5# 0-1

[Event "34e Championnat de Martinique - Tournoi "]
[Site "Le Lamentin"]
[Date "2018.05.11"]
[Round "8.3"]
[White "Suez-Panama, Gilles"]
[Black "Alcindor, Samuel"]
[Result "1-0"]
[WhiteElo "1971"]
[BlackElo "1664"]
[PlyCount "63"]
[EventDate "2018.??.??"]

1. d4 f5 2. Nf3 Nf6 3. Bg5 d5 4. Bxf6 exf6 5. e3 Be7 6. Bd3 Be6 7. Nbd2 O-O 8.
c3 Qe8 9. Qc2 Qh5 10. O-O-O Nd7 11. h3 Qe8 12. g4 c5 13. gxf5 Bf7 14. Rdg1 c4
15. Be2 b5 16. e4 Nb6 17. e5 b4 18. Nb1 Rb8 19. Qd2 Kh8 20. e6 Bh5 21. Nh4 Na4
22. Ng6+ hxg6 23. Bxh5 gxh5 24. Rg6 bxc3 25. Qe2 cxb2+ 26. Kc2 Kg8 27. Qxh5 Rf7
28. Rhg1 Bd6 29. Rh6 Kf8 30. Rh8+ Ke7 31. Rxe8+ Rxe8 32. Qxf7+ 1-0

[Event "34e Championnat de Martinique - Tournoi "]
[Site "Le Lamentin"]
[Date "2018.05.11"]
[Round "8.4"]
[White "Francois-Haugrin, Said"]
[Black "Bagghi, Youri"]
[Result "1-0"]
[WhiteElo "1789"]
[BlackElo "1763"]
[PlyCount "117"]
[EventDate "2018.??.??"]

1. e4 Nf6 2. e5 Nd5 3. c4 Nb6 4. c5 Nd5 5. Nc3 Nxc3 6. bxc3 d6 7. cxd6 exd6 8.
exd6 Bxd6 9. Bc4 O-O 10. Ne2 Nc6 11. d4 Bg4 12. Qc2 Qh4 13. h3 Rfe8 14. O-O
Rxe2 15. Bxe2 Bxh3 16. f4 Ne7 17. Bd3 Bg4 18. Qf2 Qh5 19. Be4 Qh6 20. a4 c5 21.
dxc5 Bc7 22. Be3 Re8 23. Rfe1 Ng6 24. Bxg6 hxg6 25. g3 Qh5 26. Bd4 Rf8 27. Re7
Rc8 28. Be5 Ba5 29. Bd4 Be6 30. Qh2 Qd5 31. Qg2 Qxg2+ 32. Kxg2 Kf8 33. Rxe6
fxe6 34. Rb1 b6 35. cxb6 axb6 36. Bxb6 Bxb6 37. Rxb6 Rxc3 38. Rxe6 Ra3 39. Ra6
Kf7 40. Kh3 Ra1 41. Kg4 Ra3 42. Ra7+ Kf6 43. a5 Ra4 44. Ra6+ Kf7 45. Kg5 Ra3
46. g4 Rg3 47. Rxg6 Ra3 48. Ra6 Rg3 49. Ra7+ Kg8 50. a6 Kh7 51. f5 Rf3 52. Rb7
Ra3 53. a7 Ra4 54. f6 Ra6 55. Rxg7+ Kh8 56. Rb7 Ra5+ 57. Kh4 Ra1 58. Rb8+ Kh7
59. a8=Q 1-0

[Event "34e Championnat de Martinique - Tournoi "]
[Site "Le Lamentin"]
[Date "2018.05.11"]
[Round "8.5"]
[White "Lebon, Nicolas"]
[Black "Guillaume, Marvin"]
[Result "1/2-1/2"]
[WhiteElo "1713"]
[BlackElo "1849"]
[PlyCount "104"]
[EventDate "2018.??.??"]

1. b3 d5 2. Bb2 Nf6 3. e3 e6 4. f4 Bd6 5. Nf3 a6 6. Bd3 Nbd7 7. O-O O-O 8. Ne5
Nc5 9. Ng4 Be7 10. Nc3 Nxd3 11. cxd3 Nxg4 12. Qxg4 e5 13. f5 Qd6 14. Qg3 f6 15.
a4 b6 16. Ba3 c5 17. d4 Bb7 18. a5 exd4 19. Qxd6 Bxd6 20. exd4 bxa5 21. dxc5
Be5 22. c6 Bxc6 23. Bxf8 Kxf8 24. Rxa5 Bd4+ 25. Kh1 Bb6 26. Raa1 d4 27. Na4 Ba5
28. Rfd1 Re8 29. Nc5 Re2 30. Rxa5 Rxg2 31. Ne6+ Ke7 32. Nxd4 Bb7 33. Rf1 Rf2+
34. Kg1 Rg2+ 35. Kh1 Rg3+ 36. Nf3 Bxf3+ 37. Rxf3 Rxf3 38. Rxa6 Rxf5 39. Ra7+
Kf8 40. Rd7 Rb5 41. Rd3 g5 42. Kg2 Kg7 43. Rc3 Kg6 44. d4 h5 45. Kf3 Kf5 46.
Rc5+ Rxc5 47. dxc5 Ke5 48. b4 f5 49. b5 Kd5 50. b6 Kc6 51. Ke3 g4 52. Kf2 h4
1/2-1/2

[Event "34e Championnat de Martinique - Tournoi "]
[Site "Le Lamentin"]
[Date "2018.05.11"]
[Round "8.6"]
[White "Cesaire-Hierso, Florian"]
[Black "Milton, Cedric"]
[Result "1-0"]
[WhiteElo "1837"]
[BlackElo "1660"]
[PlyCount "81"]
[EventDate "2018.??.??"]

1. e4 e5 2. f4 d6 3. Bc4 Nf6 4. d3 Be7 5. Nf3 Nc6 6. O-O O-O 7. Qe1 Bg4 8. Nc3
exf4 9. Bxf4 Na5 10. Bb3 Nxb3 11. axb3 c5 12. Qg3 Bxf3 13. Qxf3 Qd7 14. Rae1
Rae8 15. Bd2 Bd8 16. Nd1 Re5 17. Ne3 d5 18. exd5 Kh8 19. Bc3 Rg5 20. h4 Rg6 21.
h5 Rg5 22. h6 Rg6 23. hxg7+ Kxg7 24. Nf5+ Kg8 25. Nh4 Rh6 26. Qf4 Ng4 27. Nf3
Rg6 28. Ne5 Nxe5 29. Qxe5 f6 30. Qe6+ Qxe6 31. dxe6 Be7 32. Rf5 Rg5 33. Ref1
Rxf5 34. Rxf5 Kg7 35. Rg5+ Kh6 36. Rg3 Re8 37. Bd2+ Kh5 38. Rg7 h6 39. g4+ Kh4
40. Kg2 b5 41. Be1# 1-0

[Event "34e Championnat de Martinique - Tournoi "]
[Site "Le Lamentin"]
[Date "2018.05.05"]
[Round "9.1"]
[White "Verneuil, Pascal"]
[Black "Marbot, Raymond"]
[Result "1-0"]
[WhiteElo "2154"]
[BlackElo "1673"]
[PlyCount "133"]
[EventDate "2018.??.??"]

1. e4 e6 2. d4 d5 3. e5 c5 4. Nf3 Nc6 5. Bd3 cxd4 6. a3 Nge7 7. Bf4 Ng6 8. Bg3
Qb6 9. b4 a6 10. O-O Be7 11. h4 Qd8 12. h5 Nh4 13. Nbd2 Nxf3+ 14. Nxf3 h6 15.
Re1 Bd7 16. Qd2 O-O 17. Bf1 Rc8 18. Rac1 f5 19. Nxd4 Nxd4 20. Qxd4 a5 21. c3
Bg5 22. f4 Be7 23. Bf2 Qe8 24. c4 axb4 25. cxd5 bxa3 26. d6 Bd8 27. Qb4 Rxc1
28. Rxc1 Bc6 29. Bc4 Qxh5 30. Qxa3 Re8 31. d7 Bxd7 32. Qd6 Qf7 33. Rd1 Bc6 34.
Bxe6 Qxe6 35. Qxe6+ Rxe6 36. Rxd8+ Kf7 37. g3 Re7 38. Bc5 Rd7 39. Rf8+ Ke6 40.
Bd6 Rf7 41. Rg8 Bd7 42. Kf2 b5 43. Ke3 Kd5 44. Kd3 Be6 45. Rd8 g5 46. Be7+ Bd7
47. Rxd7+ Ke6 48. Rd6+ Kxe7 49. Rxh6 gxf4 50. gxf4 Rf8 51. Rb6 Rd8+ 52. Ke3 Rd5
53. Rf6 Rc5 54. Rb6 Rc3+ 55. Kd4 Rc4+ 56. Kd5 Rxf4 57. Rxb5 Rf1 58. Rb7+ Kf8
59. Ke6 f4 60. Kf6 Ke8 61. e6 Rd1 62. Rb8+ Rd8 63. Rxd8+ Kxd8 64. Kf7 f3 65.
e7+ Kc7 66. e8=Q f2 67. Qe5+ 1-0